El maestro ignorante : cinco lecciones sobre la emancipación intelectual /

Guardado en:
Autor Principal: Rancière, Jacques
Otros Autores: Estrach, Núria, trad.
Formato: Libro
Publicado: Barcelona : Laertes
Series:Psicopedagogía; Nº 104 / dirigida por María Luisa Rodríguez y Jorge Larrosa
Materias:
Etiquetas: Agregar Etiqueta
Sin Etiquetas, Sea el primero en etiquetar este registro!
LEADER 00835nam a22002055a 4500
001 CEM.cems012659
005 20070713182819.0
008 130507b######################000#0#####d
003 CEMS
020 |a 8475845045 
082 0 4 |a 370.19 
100 1 |a Rancière, Jacques 
245 1 0 |a El maestro ignorante :  |b cinco lecciones sobre la emancipación intelectual /  |c Jacques Rancière ; traducido Por Núria Estrach 
260 |a Barcelona :  |b Laertes 
300 |a 180 p. 
490 0 |a Psicopedagogía; Nº 104 / dirigida por María Luisa Rodríguez y Jorge Larrosa 
505 0 |a Una aventura intelectual -- La lección del ignorante -- La razón de los iguales -- La sociedad del menosprecio -- El emancipador y su mono 
653 |a Educación 
700 1 |a Estrach, Núria, trad. 
859 |a CEMS  |b BIB. CEMS - 11 de abril  |h 370.19  |i R151  |p 23995.07  |t Ej.1